000 00618nam a2200241Ia 4500
003 OSt
005 20220912151841.0
006 a|||||r|||| 00| 0
007 ta
008 220909b |||||||| |||| 00| 0 eng d
024 _a58101
037 _cTextual
040 _aCSL
_beng
_cCSL
041 _aeng
082 _aJ:2, J5 CS
100 _aLysenko T
245 0 _aSoil nutrition of plants
260 _aMoscow
_bForeign Language
_c1955
300 _a138p.
_ccm.
650 _aAgriculture
942 _hJ:2, J5 CS
_cTEXL
_2CC
999 _c76022
_d76022